Nhà đất cát tường

Quyển sách trình bày cách chọn nhà ở, đất ở, cách bố trí chúng theo hướng phong thủy (tuổi tác, phương vị,...)

Enregistré dans:
Détails bibliographiques
Format: Livre
Langue:Undetermined
Publié: Hà Nội Văn hóa Thông tin 2009
Sujets:
Tags: Ajouter un tag
Pas de tags, Soyez le premier à ajouter un tag!
Thư viện lưu trữ: Trung tâm Học liệu Trường Đại học Cần Thơ
LEADER 00750nam a2200205Ia 4500
001 CTU_140727
008 210402s9999 xx 000 0 und d
020 |c 42000 
082 |a 690.01 
082 |b Nh100 
245 0 |a Nhà đất cát tường 
245 0 |c Nguyễn Huy Cố biên soạn 
260 |a Hà Nội 
260 |b Văn hóa Thông tin 
260 |c 2009 
520 |a Quyển sách trình bày cách chọn nhà ở, đất ở, cách bố trí chúng theo hướng phong thủy (tuổi tác, phương vị,...) 
650 |a Feng-shui,Buildings,Thuật phong thủy 
650 |x Design and construction 
904 |i Năm 
980 |a Trung tâm Học liệu Trường Đại học Cần Thơ